000 00715nam a2200289Ia 4500
005 20260324121532.0
008 008 260324s9999 xx 000 0 eng d
020 _a9780203488010
037 _aEBOOK
040 _aCRL
040 _beng
040 _cCRL
041 _2eng
041 _aeng
084 _qCRL
100 _aSusan Kneebone; Dallal Stevens; Loretta Baldassar
_91162885
245 0 _aRefugee Protection and the Role of Law
245 0 _bConflicting Identities
260 _bTaylor and Francis
260 _c2014
365 _a
365 _b240
856 _uhttp://www.taylorfrancis.com/books/9780203488010
942 _cEBOOK
999 _c1755068
_d1755068